000
00348 a2200169 4500
001
171798
020
_a
85-08-01083-X
040
_c
Magnum
100
_a
Rey, Marcos
240
1
0
_a
Bem-vindos ao rio
_l
por
245
1
0
_a
Bem-vindos ao rio
300
_a
126
362
0
_a
1986
440
1
_a
Ática
697
_a
LITERATURA JUVENIL
942
_c
BK
999
_c
171798
_d
171798